00827cam a22002171a 450000100060000000300080000600500170001400800410003103500190007203500180009104000420010904100080015108200220015910000270018124501410020826001310034930000250048050400530050565000280055865000230058634225BD-RjUL20211209052126.0140514s1962 nyu b 001 0 eng  a(BD-RjUL)34319 a(OCoLC)263330 aDLCcODaWUdMoU-StdDLCdBD-RjULbeng aeng a303.044bFRI 19621 aFriedlander, Walter A.10aIndividualism & social welfare :ban analysis of the system of social security and social welfare in France /cby Walter A. Friedlander. aNew York :bFree Press of Glencoe ;aEast Lansing :bBureau of Social & Political Research, Michigan State University,cc1962. aix, 251 p. ;c24 cm. aIncludes bibliographical references and indexes. 0aPublic welfarezFrance. 0aCharitieszFrance.